banner-ar

GEORGIA O'KEEFFE 1887 - 1986 : (Record no. 7673)

MARC details
000 -الفاتح
حقل البيانات ثابتة الطول 00547nam a2200205Ia 4500
008 - عناصر البيانات ثابتة الطول - معلومات عامة
حقل البيانات ثابتة الطول 140319s9999 xx 000 0 aFre d
020 ## - الرقم الدولى المعيارى للكتب
الرقم الدولى المعيارى للكتاب 3822892750
040 ## - مصدر الفهرسة
وكالة الفهرسة الأصلية GCL /
وكالة النسخ GCL
082 04 - رقم تصنيف ديوى العشرى
رقم التصنيف 759
رقم المادة B G
100 1# - المدخل الرئيسى - إسم شخصى
الإسم الشخصى BENKE, BRITTA
245 10 - بيان العنوان
العنوان GEORGIA O'KEEFFE 1887 - 1986 :
بقية العنوان FLEURS DU DESERT /
بيان المسئوليه,etc BENKE, BRITTA
260 ## - PUBLICATION, DISTRIBUTION, ETC. (IMPRINT)
تاريخ النشر أو التوزيع 1995
300 ## - الوصف المادى
التعداد 96 P
تفاصيل ماديه اخرى للوعاء ILL. ؛
أبعاد الوعاء 30 cm.
650 04 - المدخل الاضافى بالموضوع-مصطلح موضوعى
مصطلح موضوعي ARTS
650 04 - المدخل الاضافى بالموضوع-مصطلح موضوعى
مصطلح موضوعي PAINTING
650 04 - المدخل الاضافى بالموضوع-مصطلح موضوعى
مصطلح موضوعي PAINTERS
650 04 - المدخل الاضافى بالموضوع-مصطلح موضوعى
مصطلح موضوعي O'KEEFFE, GEORGIA
942 ## - عناصر المدخل الإضافي( كوها)
مصدر التصنيف او مخطط الترفيف Dewey Decimal Classification
Koha [default] item type كتاب
260 ## - PUBLICATION, DISTRIBUTION, ETC. (IMPRINT)
-- المانيا :
-- BENEDIKT TASCHEN ،
Holdings
حالة التراجع حالة الفقد حالة تلف ليس للاعارة المكان المؤقت الموقع الحالى تاريخ الاكتساب اجمالي اﻻعارات رقم الطلب الباركود تاريخ اخر مشاهدة تاريخ تفعيل السعر نوع وعاء كوها
        مكتبة القاهرة الكبرى مكتبة القاهرة الكبرى 03/26/2014   759\B G 15779 03/26/2014 03/26/2014 كتاب
        مكتبة القاهرة الكبرى مكتبة القاهرة الكبرى 03/26/2014   759\B G 15780 03/26/2014 03/26/2014 كتاب

Powered By

EGPV